Visualizzazione normale
Vista MARC
- Conti C.
di Personal Name
Records bibliografici associati: 1
001 - CONTROL NUMBER
- control field: 8136
003 - CONTROL NUMBER IDENTIFIER
- control field: IT-RoPau
005 - DATE AND TIME OF LATEST TRANSACTION
- control field: 20140108095930.0
008 - FIXED-LENGTH DATA ELEMENTS
- fixed length control field: 140108|| aca||aabn | a|a d
040 ## - CATALOGING SOURCE
- Original cataloging agency: IT-RoPau
- Transcribing agency: IT-RoPau
100 ## - HEADING--PERSONAL NAME
- Personal name: Conti C.
- Miscellaneous information: Codice autore musica SPICS: 15827
- Relator term: Autore musica
- Name of part/section of a work: La cosa più bella
670 ## - SOURCE DATA FOUND
- Source citation: Work cat.: (IT-RoPau)102748: AA.VV. 794, Nella tradizione della canzone italiana una grande voce: Alvaro Amici (Lp Sm 3775)